Pravidlá basketbalu platné od 1.10.1984 /

Gespeichert in:
Bibliographische Detailangaben
Weitere Verfasser: Kotleba, Ľ (Übersetzung)
Format: Buch
Sprache:Slowakisch
Veröffentlicht: Bratislava : Šport, 1984
Ausgabe:1.vyd.
Schlagworte:
Tags: Tag hinzufügen
Keine Tags, Fügen Sie das erste Tag hinzu!

MARC

LEADER 00000nam a22000003a 4500
001 stu40758
005 20150617225721.6
008 930527s1984----cs------------------slo-d
040 |a STU  |b slo 
041 0 |a slo 
044 |a cs 
080 |a 796.323(083.133) 
100 1 |a Kotleba, Ľ  |4 trl 
245 1 |a Pravidlá basketbalu platné od 1.10.1984 /  |c Z angl. Ľ. Kotleba 
250 |a 1.vyd. 
260 |a Bratislava :  |b Šport,  |c 1984 
300 |a 84 s 
650 7 |a basketbal  |2 stusub 
650 7 |a pravidlá  |2 stusub 
996 |b 284M045460  |c M*956-1  |l MMKN  |s A  |a 24  |w stu40758_0001